000 00354nam a2200157Ia 4500
005 20250423100412.0
008 250422s9999 xx 000 0 und d
020 _a9780470889206
050 _aQA 76.76.O63/
245 0 _aOperating system concept
260 _aUSA
260 _bJohn Wiley & Sons
260 _c2011
300 _a725 p
942 _cBK
999 _c33196
_d33196